00522nam a22001697a 450000500170000001000110001702000130002803500110004103700090005208200080006110000470006924500760011624600520019226000560024427000300030030000220033020191213110700.0 a302073 c14.00a- a302073 bBPPD a270 aمحمد ا شر ف علی تھا نو ی  a د عو ا ت عبد يت cمحمد ا شر ف علی تھا نو ی  aDawat Abdiyat (Urdu)bby Mohd.Ashraf Ali Thanvi aU.P.cN.A.ء bAl MushtaharHaji Siddique Ahmed Bint aMuzafar NagarbU.P.k-e- a239 صc22 cm(hb)